Normal view
MARC view
Entry Topical Term
001 - CONTROL NUMBER
- control field: 433
003 - CONTROL NUMBER IDENTIFIER
- control field: BD-RjUL
005 - DATE AND TIME OF LATEST TRANSACTION
- control field: 20211229112923.0
008 - FIXED-LENGTH DATA ELEMENTS
- fixed length control field: 211229|| aca||aabn | a|a d
040 ## - CATALOGING SOURCE
- Original cataloging agency: BD-RjUL
- Transcribing agency: BD-RjUL
150 ## - HEADING--TOPICAL TERM
- Topical term or geographic name entry element: فوائد البنوك، رد أحكام اباحة (قرار المؤتمر الاسلامي الثاني لمجمع البحوث الاسلامية بالقاهرة، 1965)
670 ## - SOURCE DATA FOUND
- Source citation: Work cat.: (BD-RjUL)79086: Al-Marsafi, Saad ;; المرصفي، سعد 425, حقيقة المشبهات في حديث الحلال بين والحرام بين وبينهما مشبهات ;; haqiqat al mushabihat fi hadith al halal bayn wa lharam bayn wa baynahuma mushabihat :, 1421 هجري[2000].